Interacció18 : sobre la humanitat dels humans : del 9 a l'11 d'octubre de 2018 sobre la humanitat dels humans : del 9 a l'11 d'octubre de 2018
Descripción Física:
22 pàgines : 21 cm
Idioma:
Catalán
MARC
| LEADER | 00000nam a22000007a 4500 | ||
|---|---|---|---|
| 001 | 25680 | ||
| 008 | 220527b spa||||| |||| 00| 0 cat d | ||
| 017 | |a DL B 24302-2018 | ||
| 080 | |a FU-69-72 | ||
| 245 | |a Interacció18 : |b sobre la humanitat dels humans : del 9 a l'11 d'octubre de 2018 | ||
| 246 | 3 | 2 | |a Interacció 18 |
| 260 | |a Barcelona : |b Diputació de Barcelona, Oficina d'Estudis i Recursos Culturals, |c 2018 | ||
| 300 | |a 22 pàgines : |c 21 cm | ||
| 610 | 1 | 0 | |a Barcelona (Catalunya : Província). |b Centre d'Estudis i Recursos Culturals |9 52487 |
| 710 | 1 | |9 53123 |a Barcelona (Catalunya : Província). |b Oficina d'Estudis i Recursos Culturals | |
| 942 | |2 udc |c ARXIU |n 1 | ||
| 952 | |0 0 |1 0 |4 0 |6 FU6972 |7 1 |9 62075 |a Arxiu |b Arxiu |d 2022-05-27 |l 0 |o FU-69-72 |p 25680 |r 2022-05-27 00:00:00 |w 2022-05-27 |y ARXIU | ||
| 999 | |c 81786 |d 81786 | ||